000 00285nam a22001097a 4500
005 20250901165815.0
008 250328b |||||||| |||| 00| 0 eng d
050 _aPL 8704 .O86 2011
245 _aJua Linapotua na Hadithi Nyingine
_cOsore, Miriam
260 _aLonghorn
_b2011
942 _2lcc
999 _c9469
_d9469